Imaginación y crisis en la educación latinoaméricana / (Record no. 80236)

MARC details
000 -CABECERA
campo de control de longitud fija 00778nam a22002413a 4500
005 - FECHA Y HORA DE LA ÚLTIMA TRANSACCIÓN
campo de control 20240919064636.0
008 - ELEMENTOS DE LONGITUD FIJA--INFORMACIÓN GENERAL
campo de control de longitud fija 010517s1994 mx fr 000 0 spa d
020 ## - NÚMERO INTERNACIONAL NORMALIZADO PARA LIBROS
Número Internacional Estándar del Libro 9507012117
035 ## - NÚMERO DE CONTROL DEL SISTEMA
Número de control de sistema UPN01000106323
049 ## - COLECCIÓN
Colección CG
050 #4 - SIGNATURA TOPOGRÁFICA DE LA BIBLIOTECA DEL CONGRESO
Número de clasificación LC92 A4
Número de documento/Ítem P8.4a
100 1# - ASIENTO PRINCIPAL--NOMBRE PERSONAL
Nombre de persona Puiggrós Lapacco, Adriana V.,
Fechas asociadas al nombre 1941-
9 (RLIN) 31019
245 10 - MENCIÓN DE TÍTULO
Título Imaginación y crisis en la educación latinoaméricana /
Mención de responsabilidad, etc. Adriana Puiggrós.
260 ## - PUBLICACIÓN, DISTRIBUCIÓN, ETC.
Lugar de publicación, distribución, etc. Buenos Aires :
Nombre del editor, distribuidor, etc. IDEAS :
-- Aique,
Fecha de publicación, distribución, etc. [1994].
300 ## - DESCRIPCIÓN FÍSICA
Extensión 215 p.
590 ## - NOTA LOCAL (RLIN)
Nota local (También localizas un ejemplar en el "Area de Reserva")
590 ## - NOTA LOCAL (RLIN)
Nota local Bibliografía Básica (BGTQ)
650 #4 - ASIENTO SECUNDARIO DE MATERIA - TERMINO TEMATICO
Término de materia o nombre geográfico como elemento de entrada Educación
Subdivisión geográfica América Latina
9 (RLIN) 9694
650 #4 - ASIENTO SECUNDARIO DE MATERIA - TERMINO TEMATICO
Término de materia o nombre geográfico como elemento de entrada Marginalidad social
9 (RLIN) 277
650 #4 - ASIENTO SECUNDARIO DE MATERIA - TERMINO TEMATICO
Término de materia o nombre geográfico como elemento de entrada Educación y Estado
9 (RLIN) 19
905 ## - TIPO DE MATERIAL
Tipo de material Libro
Holdings
Estado de retiro Estado de pérdida Fuente del sistema de clasificación o colocación Estado dañado No para préstamo Código de colección Localización permanente Ubicación/localización actual Ubicación en estantería Total de préstamos Clasificación Código de barras Fecha visto por última vez Número de copia Tipo de ítem Koha Restricciones de uso Fecha de adquisición
    Library of Congress Classification     Colección General Bib. Gregorio Torres Quintero Bib. Gregorio Torres Quintero Planta baja 5 LC92 A4 P8.4a 179584 31/12/2020 1 Libro    
    Library of Congress Classification     Colección General Bib. Gregorio Torres Quintero Bib. Gregorio Torres Quintero Planta baja 14 LC92 A4 P8.4a 195289 31/12/2020 1 Libro    
    Library of Congress Classification   Encuadernación Colección General Bib. Gregorio Torres Quintero Bib. Gregorio Torres Quintero Planta baja 11 LC92 A4 P8.4a 194171 31/12/2020 1 Libro    
    Library of Congress Classification   Encuadernación Colección General Bib. Gregorio Torres Quintero Bib. Gregorio Torres Quintero Planta baja 10 LC92 A4 P8.4a 194170 31/12/2020 1 Libro    
    Library of Congress Classification     Colección General Bib. Gregorio Torres Quintero Bib. Gregorio Torres Quintero Planta baja 15 LC92 A4 P8.4a 196399 31/12/2020 1 Libro    
    Library of Congress Classification     Colección General Bib. Gregorio Torres Quintero Bib. Gregorio Torres Quintero Planta baja 13 LC92 A4 P8.4a 179585 31/12/2020 1 Libro    
    Library of Congress Classification     Bibliografía básica Bib. Gregorio Torres Quintero Bib. Gregorio Torres Quintero Colecciones especiales Planta alta 1 LC92 A4 P8.4a 189589 31/12/2020 1 Libro por horas Préstamo por horas 30/01/2023